000 01107nam a2200289 4500
001 0000016120
003 CO-CtgCURN
005 20250429224121.0
007 ta
008 160627s1990 000 0 eng d
020 _a9682431298
040 _aCO-CtgCURN
_bspa
_ccoctgcurn
082 0 _a378.199
_bM374m
100 1 _aDíaz Barriga, Frida.
245 1 0 _aMetodología de diseño curricular para educación superior /
_cFrida Díaz Barriga [et...al].
260 _aMexico :
_bEditorial Trillas,
_c1990.
300 _a175 p.
336 _2rdacontent
337 _2rdamedia
_asin mediacion
_bn
338 _2rdacarrier
_avolumen
_bnc
505 8 _aEvaluacion curricular.--Educación superior.--Concepciones de curriculo.--Concepciones de diseño curricular.--Propuestas teoricometodologicas.--Origen de las propuestas metodologicas.--Esbozo de las propuestas curriculares
650 1 4 _aeducación superior
_vCurriculos.
700 1 _aDíaz Bariga, Frida.
908 _a160627
942 _cBK
_h378.199
_iM374m
_2ddc
999 _c39462
_d39462